00851nas a2200253Ia 4500001002800000003001000028008004100038040002500079041001200104100002100116210003100137222003100168240004900199245004900248250001100297260000900308501012300317300001400440362003400454500004000488650002200528700002300550700002400573A06/R068-19092 [r000018237]IT-MiCISF161014c99999999xx |||||||||||| ||und|| aIT-MiCISFcIT-MiCISF aINGLESE aMurray Thomas H. aThe Hastings Center Report aThe Hastings Center Report aDoes Clinical Ethics Distort the Discipline? 0aDoes Clinical Ethics Distort the Discipline? a1a ed. c1996 bCISF - Centro Internazionale Studi Famiglia - Via Giotto, 36 20145 MILANO (non commercial uses only)cCopyright 2016 app. 28-33 avol. 26, n. 6, nov-dic [1996] a Tema: bioetica, operatori-sanitari aBIOETICAvdossier a Koenig Barbara A. a Wilson Ross Judith